Music Quiz

Random Music or Clickable Quiz
Score 0/16 Timer 04:00
3 Plays Today
% Correct
Hit the Road Jack - Ray Charles
92.1%
New York, New York - Frank Sinatra
86.4%
Na Na Hey Hey Kiss Him Goodbye - Steam
85.3%
Candle in the Wind - Elton John
84.6%
The End -The Doors
79.4%
Bye Bye Love - The Everly Brothers
78.3%
Leaving on a Jet Plane - John Denver
72.3%
Ticket to Ride - The Beatles
70.7%
% Correct
Free Bird - Lynyrd Skynyrd
68.1%
I Will Always Love You - Dolly Parton
67.4%
Midnight Train to Georgia - Gladys Knight & the Pips
59.7%
Seasons in the Sun - Terry Jacks
59.5%
Bye Bye Bye - 'N SYNC
49.7%
Goodbye Cruel World - Pink Floyd
45.3%
It's So Hard to Say Goodbye to Yesterday - Boyz II Men
44.6%
The Power of Good-Bye - Madonna
34.8%

You're not logged in!

Compare scores with friends on all Sporcle quizzes.
OR
Log In

Sporcle TV

Today on Sporcle TV


Watch our educational content, quiz creation guides, and fun videos on Sporcle TV.

Show Comments

Extras

Top Quizzes Today


Score Distribution

Your Account Isn't Verified!

In order to create a playlist on Sporcle, you need to verify the email address you used during registration. Go to your Sporcle Settings to finish the process.

Report this User

Report this user for behavior that violates our Community Guidelines.

Details: